Statistics for Borussia Dortmund Squad 23/24

Click here to take the quiz!

General Stats

  • This quiz has been taken 62 times
  • The average score is 19 of 28

Answer Stats

Kit No.Player% Correct
1Gregor Kobel🇨🇭
94%
10Jadon Sancho🏴󠁧󠁢󠁥󠁮󠁧󠁿
91%
15Mats Hummels🇩🇪
91%
11Marco Reus🇩🇪
89%
23 (C)Emre Can🇩🇪
83%
4Nico Schlotterbeck🇩🇪
83%
27Karim Adeyemi🇩🇪
80%
20Marcel Sabitzer🇦🇹
80%
14Niclas Füllkrug🇩🇪
80%
25Niklas Süle🇩🇪
80%
6Salih Özcan🇹🇷
80%
9Sébastien Haller🇨🇮
80%
22Ian Maatsen🇳🇱
78%
19Julian Brandt🇩🇪
76%
26Julian Ryerson🇳🇴
76%
21Donyell Malen🇳🇱
74%
8Felix Nmecha🇩🇪
67%
5Ramy Bensebaini🇩🇿
65%
18Youssoufa Moukoko🇩🇪
65%
43Jamie Bynoe-Gittens🏴󠁧󠁢󠁥󠁮󠁧󠁿
63%
17Marius Wolf🇩🇪
61%
2Mateu Morey🇪🇸
61%
33Alexander Meyer🇩🇪
52%
16Julien Duranville🇧🇪
44%
47Antonios Papadopoulos🇩🇪
30%
35Marcel Lotka🇩🇪
28%
30Ole Pohlmann🇩🇪
28%
32Abdoulaye Kamara🇫🇷
24%

Score Distribution

Percentile by Number Answered

Percent of People with Each Score

Your Score History

You have not taken this quiz